000 00616nam a22002057a 4500
003 OSt
005 20140310181804.0
008 130704t xxu||||| |||| 00| 0 eng d
050 _aML 410
_b.R359 1967
082 _aREF 920
_bB35 1968
245 _aPeople of Destiny :
_bLeonard Bernstein /
_cBy John P. Reidy and Norman Richards.
260 _aChicago :
_bChidrens Press,
_cc1968.
300 _a95 p. ;
_bill, photos;
_c28 cm.
500 _aIncludes Bibliography and Index
520 _a1. Bernstein, Leonard
521 _aBasic Ed. Students
541 _g7981
_j1
562 _e1
942 _2lcc
_cBK-GR
_kREF
999 _c3732
_d3732